Κοινωνιολογία της σύγχρονης οικογένειας : θεωρητική προσέγγιση στις μορφές της σύγχρονης οικογένειας

Αποθηκεύτηκε σε:
Λεπτομέρειες βιβλιογραφικής εγγραφής
Κύριος συγγραφέας: Singly, Francois de
Άλλοι συγγραφείς: Παλλαντίου, Λήδα (trlf)
Μορφή: Βιβλίο
Γλώσσα:Greek
French
Δημοσίευση: Αθήνα : Σαββάλας, 1996.
Σειρά:Ανοικτές Επιστήμες ; 7
Θέματα:
Ετικέτες: Προσθήκη ετικέτας
Δεν υπάρχουν, Καταχωρήστε ετικέτα πρώτοι!

MARC

LEADER 00000cam a2200000 i 4500
001 1/15307
008 980211s1996 gr | ||| |||| ||gre||
020 |a 9604600567 
035 |a 1997  |c ΓΡΑΜΜΑΤΕΙΑ ΜΥΤΙΛΗΝΗΣ  |l 10019768 
040 |a GR-MyUA  |b gre  |e AACR2 
041 1 |a gre  |h fre 
082 0 |a 306.85 
100 1 |a Singly, Francois de. 
245 1 0 |a Κοινωνιολογία της σύγχρονης οικογένειας :   |b θεωρητική προσέγγιση στις μορφές της σύγχρονης οικογένειας /   |c Francois de Singly ; Μετάφραση Λήδα Παλλαντίου.  
260 |a Αθήνα :   |b Σαββάλας,   |c 1996.  
300 |a 174 σ. ;   |c 21 εκ.  
490 1 |a (Ανοικτές Επιστήμες   |v ; 7)  
500 |a Τίτλος πρωτοτύπου: Sociologie de la famille contemporaine.  
504 |a Περιλαμβάνει βιβλιογραφικές αναφορές.  
650 0 0 |a Family. 
700 1 |a Παλλαντίου, Λήδα,  |e trlf 
830 0 |a Ανοικτές Επιστήμες ;  |v  7 
852 |a INST  |b LESVOS  |e 19980603  |h 306.85 SIN  |p 005100014579  |q 005100014579  |t BK  |y 0 
852 |a INST  |b LESVOS  |e 19980603  |h 306.85 SIN  |p 005100014580  |q 005100014580  |t BK  |y 0 
852 |a INST  |b LESVOS  |e 19980603  |h 306.85 SIN  |p 005100014581  |q 005100014581  |t BK  |y 0 
852 |a INST  |b LESVOS  |e 19980603  |h 306.85 SIN  |p 005100014582  |q 005100014582  |t BK  |y 0 
852 |a INST  |b RHODES  |e 20000210  |h 306.85 SIN  |p 005400013994  |q 005400013994  |t BK  |y 0 
852 |a INST  |b SAMOS  |e 19980211  |h 306.85 SIN  |p 005300008591  |q 005300008591  |t BK  |y 0 
852 |a INST  |b SYROS  |e 20010129  |h 306.85 SIN  |p 005500001536  |q 005500001536  |t BK  |y 0 
901 |a BIBL-1998-2 
901 |a BIBL5-2001-1 
901 |a BIBL-1998-1 
901 |a BIBL4-2000-1 
909 |a Λ  |b 051666 
909 |a Σ  |b 051081 
909 |a Λ  |b 051664 
909 |a Λ  |b 051674 
909 |a Λ  |b 051684 
909 |a Ε  |b 084187 
909 |a Ρ  |b 073635 
922 |a ΔΩΡ  |b 199803  |c ΦΜ 
922 |a ΔΩΡ  |b 200002  |c ΔΩΡΕΑ 
970 |a ΚΟΝΤΟΥ  |b ΠΑΡΑΣΚΕΥΗ  |z 2001/01/29